[Event "Olympiad Women-43"]
[Site "Batumi"]
[Date "2018.10.02"]
[Round "8.2"]
[White "Paredes Bustamante, Paula Elizabeth"]
[Black "Alinasab, Mobina"]
[Result "0-1"]
[WhiteElo "2151"]
[BlackElo "2261"]
[PlyCount "78"]
[EventDate "2018.09.24"]
[EventType "team-swiss"]
[EventRounds "11"]
[EventCountry "GEO"]
[SourceTitle "EXT 2020"]
[Source "ChessBase"]
[SourceDate "2019.10.17"]
[SourceVersion "1"]
[SourceVersionDate "2019.10.17"]
[SourceQuality "1"]
[WhiteTeam "Peru (W)"]
[BlackTeam "Iran (W)"]
[WhiteTeamCountry "PER"]
[BlackTeamCountry "IRI"]

1. e4 e6 2. d4 d5 3. Nd2 Be7 4. Ngf3 Nf6 5. e5 Nfd7 6. Bd3 c5 7. c3 Nc6 8. 0-0 a5 9. a4 Qb6 10. dxc5 Qc7 11. Bb5 0-0 12. Re1 Ndxe5 13. Nb3 Ng4 14. g3 e5 15. h3 Nf6 16. Bxc6 bxc6 17. Nxe5 Ne4 18. Nd3 Ba6 19. Bf4 Qc8 20. Kg2 Bc4 21. Ne5 Bxb3 22. Qxb3 Bxc5 23. Rxe4 dxe4 24. Qc4 Bd6 25. Nxf7 Rxf7 26. Bxd6 Qf5 27. Bf4 Qd5 28. Qxd5 cxd5 29. Rd1 Rd7 30. Rd4 Rc8 31. f3 exf3+ 32. Kxf3 Rc4 33. Rd3 Rxa4 34. Ke3 Kf7 35. b3 Re4+ 36. Kf3 a4 37. c4 axb3 38. c5 Rc4 39. Bd6 b2 0-1

[Event "Olympiad Women-43"]
[Site "Batumi"]
[Date "2018.09.26"]
[Round "3.18"]
[White "Paredes Bustamante, Paula Elizabeth"]
[Black "Zhang, Jilin"]
[Result "1/2-1/2"]
[WhiteElo "2151"]
[BlackElo "2224"]
[PlyCount "116"]
[EventDate "2018.09.24"]
[EventType "team-swiss"]
[EventRounds "11"]
[EventCountry "GEO"]
[SourceTitle "EXT 2020"]
[Source "ChessBase"]
[SourceDate "2019.10.17"]
[SourceVersion "1"]
[SourceVersionDate "2019.10.17"]
[SourceQuality "1"]
[WhiteTeam "Peru (W)"]
[BlackTeam "Australia (W)"]
[WhiteTeamCountry "PER"]
[BlackTeamCountry "AUS"]

1. e4 c5 2. Nf3 d6 3. d4 cxd4 4. Nxd4 Nf6 5. Nc3 e5 6. Nb3 Be7 7. Be2 0-0 8. Be3 Be6 9. 0-0 Nbd7 10. f4 Rc8 11. f5 Bc4 12. Bxc4 Rxc4 13. Qd3 Qc8 14. h3 Re8 15. a4 a6 16. g4 d5 17. exd5 e4 18. Qe2 Bb4 19. Rad1 Bxc3 20. bxc3 Rxc3 21. Rf2 Ne5 22. d6 Nfd7 23. Kg2 Nc4 24. Bd4 e3 25. Rf3 Nb2 26. Bxc3 Nxd1 27. Bd4 Nc3 28. Qd3 Nd5 29. Bxe3 Nxe3+ 30. Rxe3 Rxe3 31. Qxe3 Qc6+ 32. Qf3 Qxd6 33. Qxb7 h5 34. a5 h4 35. Qf3 Ne5 36. Qa8+ Kh7 37. Qe4 f6 38. Nc1 Nf7 39. Ne2 Ng5 40. Qd3 Qc6+ 41. Kf1 Qh1+ 42. Ng1 Ne4 43. Qe3 Ng3+ 44. Ke1 Qg2 45. Kd1 Qd5+ 46. Qd2 Qa2 47. Ne2 Qa1+ 48. Nc1 Ne4 49. Qe1 Nc3+ 50. Kd2 Qxa5 51. Qxh4+ Kg8 52. Nd3 Nd5+ 53. Kc1 Qa1+ 54. Kd2 Qc3+ 55. Kc1 Qa1+ 56. Kd2 Qc3+ 57. Kc1 Qa1+ 58. Kd2 Qc3+ 1/2-1/2

[Event "Olympiad Women-43"]
[Site "Batumi"]
[Date "2018.09.25"]
[Round "2.21"]
[White "Abdumalik, Zhansaya"]
[Black "Paredes Bustamante, Paula Elizabeth"]
[Result "0-1"]
[WhiteElo "2482"]
[BlackElo "2151"]
[PlyCount "154"]
[EventDate "2018.09.24"]
[EventType "team-swiss"]
[EventRounds "11"]
[EventCountry "GEO"]
[SourceTitle "EXT 2020"]
[Source "ChessBase"]
[SourceDate "2019.10.17"]
[SourceVersion "1"]
[SourceVersionDate "2019.10.17"]
[SourceQuality "1"]
[WhiteTeam "Kazakhstan (W)"]
[BlackTeam "Peru (W)"]
[WhiteTeamCountry "KAZ"]
[BlackTeamCountry "PER"]

1. e4 e5 2. Nf3 Nc6 3. Bb5 Nf6 4. d3 Bc5 5. c3 d6 6. 0-0 0-0 7. h3 h6 8. Re1 Bb6 9. Nbd2 a6 10. Ba4 Re8 11. Nf1 d5 12. exd5 Qxd5 13. Ng3 Bd7 14. b4 Qd6 15. a3 Nd5 16. Ne4 Qg6 17. Nh4 Qh7 18. c4 Nde7 19. c5 Ba7 20. Qh5 Nd5 21. Bd2 Rad8 22. Rad1 a5 23. Rb1 axb4 24. axb4 Nd4 25. Bxd7 Rxd7 26. Qd1 Bb8 27. b5 f5 28. Nc3 Nf6 29. Ra1 g5 30. Nf3 Nxf3+ 31. Qxf3 e4 32. Nxe4 Nxe4 33. Bc3 Qg6 34. dxe4 fxe4 35. Qe2 c6 36. Qb2 Rd5 37. bxc6 bxc6 38. Ra4 g4 39. hxg4 Qxg4 40. Rb4 Rg5 41. Qa2+ Kf8 42. f4 Bxf4 43. Qf2 Rf5 44. Qd4 Be5 45. Qd2 Qf4 46. Qxf4 Rxf4 47. Bxe5 Rxe5 48. Rc4 Ke7 49. Kh2 Rg4 50. Kh3 h5 51. Re2 Ke6 52. Rc3 Rd5 53. Kh2 Rd4 54. Rh3 h4 55. Rc3 Kd5 56. Rf2 Rd3 57. Rcc2 e3 58. Rf5+ Kd4 59. Rf6 Rc3 60. Rd6+ Kc4 61. Re2 Kxc5 62. Re6 Kd4 63. Rd6+ Ke5 64. Rd8 Re4 65. Kh3 c5 66. g3 hxg3 67. Kxg3 Rc1 68. Re8+ Kd4 69. Rd8+ Kc3 70. Kf3 Re7 71. Ra8 Rf1+ 72. Kg2 Rf6 73. Ra3+ Kd4 74. Raa2 Rg7+ 75. Kh1 Rh6+ 76. Rh2 Rxh2+ 77. Kxh2 c4 0-1

[Event "PER-ch (Women)"]
[Site "Lima"]
[Date "2016.03.24"]
[Round "2"]
[White "Paredes Bustamante, Paula Elizabeth"]
[Black "Sanchez Zambrano, Vanessa"]
[Result "1-0"]
[WhiteElo "2096"]
[BlackElo "1875"]
[PlyCount "181"]
[EventDate "2016.03.23"]
[EventType "tourn"]
[EventRounds "9"]
[EventCountry "PER"]
[SourceTitle "CBM 171 Extra"]
[Source "ChessBase"]
[SourceDate "2016.04.26"]
[SourceVersion "1"]
[SourceVersionDate "2016.04.26"]
[SourceQuality "1"]

1. e4 d5 2. exd5 Qxd5 3. Nc3 Qe5+ 4. Nge2 c6 5. d4 Qc7 6. Ng3 Nf6 7. Be2 e6 8. a3 Bd6 9. Bg5 Nbd7 10. Nge4 Nxe4 11. Nxe4 Bf4 12. Bxf4 Qxf4 13. Bf3 0-0 14. Qc1 e5 15. Qxf4 exf4 16. Nd6 Nf6 17. c4 Rd8 18. c5 Ne8 19. Nxe8 Rxe8+ 20. Kd2 Bf5 21. Rhe1 Rad8 22. Kc3 Kf8 23. b4 Be6 24. b5 Bd5 25. Bxd5 Rxd5 26. a4 Red8 27. Re4 g5 28. Rae1 R8d7 29. Re8+ Kg7 30. R1e4 h6 31. R8e5 Rxe5 32. Rxe5 Kf8 33. d5 cxd5 34. Kd4 f6 35. Rxd5 Re7 36. c6 Ke8 37. Kc5 bxc6 38. bxc6 Re1 39. Kd6 Kd8 40. Rd2 Kc8 41. f3 Re5 42. h3 Re1 43. Rc2 Ra1 44. Re2 Rd1+ 45. Kc5 Rc1+ 46. Kb5 Rb1+ 47. Ka6 Rb6+ 48. Kxa7 Rxc6 49. a5 Rc7+ 50. Ka6 Kd7 51. Rd2+ Kc8 52. Re2 Rc1 53. Rb2 Ra1 54. Kb6 Kb8 55. a6 Ra3 56. Re2 Rb3+ 57. Ka5 Ra3+ 58. Kb5 Rb3+ 59. Kc5 Ka7 60. Kd4 Kxa6 61. Re6+ Kb5 62. Rxf6 Rb2 63. Rxh6 Rxg2 64. Ke4 Re2+ 65. Kf5 Rf2 66. h4 gxh4 67. Kxf4 Rh2 68. Kg4 Kc5 69. Rxh4 Rg2+ 70. Kf5 Kd6 71. Rh7 Rf2 72. f4 Rf1 73. Rf7 Rf2 74. Kg6 Rg2+ 75. Kf6 Rh2 76. f5 Rg2 77. Rg7 Rf2 78. Kg6 Rg2+ 79. Kf7 Rf2 80. f6 Ke5 81. Rg5+ Kd6 82. Rg1 Ke5 83. Re1+ Kd6 84. Kg7 Rg2+ 85. Kf8 Rg4 86. Re7 Rf4 87. f7 Ra4 88. Rb7 Ke6 89. Rb6+ Kd7 90. Kg7 Rg4+ 91. Rg6 1-0

[Event "American Continental (Women) 09th"]
[Site "Lima"]
[Date "2016.02.21"]
[Round "2"]
[White "Paredes Bustamante, Paula Elizabeth"]
[Black "Rivera, Ingris"]
[Result "1-0"]
[WhiteElo "2096"]
[BlackElo "2262"]
[PlyCount "55"]
[EventDate "2016.02.20"]
[EventType "swiss"]
[EventRounds "9"]
[EventCountry "PER"]
[SourceTitle "CBM 171 Extra"]
[Source "ChessBase"]
[SourceDate "2016.04.26"]
[SourceVersion "1"]
[SourceVersionDate "2016.04.26"]
[SourceQuality "1"]

1. e4 c5 2. Nf3 d6 3. c3 Nf6 4. Bd3 Nc6 5. Bc2 e5 6. 0-0 Be7 7. h3 0-0 8. Re1 Qc7 9. d3 h6 10. Nbd2 d5 11. Qe2 d4 12. Nf1 Be6 13. g4 dxc3 14. bxc3 c4 15. d4 exd4 16. Nxd4 Nxd4 17. cxd4 Bb4 18. Rd1 Rfe8 19. Rb1 Ba5 20. Qf3 Nh7 21. d5 Bd7 22. Qg3 b5 23. Bf4 Qc8 24. e5 Nf8 25. g5 hxg5 26. Bxg5 Bc7 27. Bf6 g6 28. Qh4 1-0

[Event "American Continental (Women) 09th"]
[Site "Lima"]
[Date "2016.02.20"]
[Round "1"]
[White "Oncoy Custodio, Shantal Tania"]
[Black "Paredes Bustamante, Paula Elizabeth"]
[Result "0-1"]
[WhiteElo "1510"]
[BlackElo "2096"]
[PlyCount "92"]
[EventDate "2016.02.20"]
[EventType "swiss"]
[EventRounds "9"]
[EventCountry "PER"]
[SourceTitle "CBM 171 Extra"]
[Source "ChessBase"]
[SourceDate "2016.04.26"]
[SourceVersion "1"]
[SourceVersionDate "2016.04.26"]
[SourceQuality "1"]

1. e4 c5 2. Nf3 d6 3. d4 cxd4 4. Nxd4 Nf6 5. Nc3 a6 6. f3 e5 7. Nb3 Be6 8. Be3 Nbd7 9. Qd2 b5 10. g4 h6 11. 0-0-0 Be7 12. h4 Qc7 13. Be2 Rc8 14. g5 Nh5 15. gxh6 g6 16. Bd3 Nb6 17. Kb1 Nc4 18. Bxc4 Qxc4 19. Bg5 f6 20. Be3 b4 21. Ne2 a5 22. Qd3 Qc7 23. Qb5+ Bd7 24. Qd3 Be6 25. Qb5+ Kf7 26. Qd3 Bc4 27. Qd2 Bxe2 28. Qxe2 Ng3 29. Qg2 Nxh1 30. Rxh1 a4 31. Nc1 Qc4 32. Rg1 Rcg8 33. Qd2 g5 34. hxg5 fxg5 35. Bxg5 Rxh6 36. Bxh6 Rxg1 37. Qh2 Rg6 38. Bd2 Bf8 39. Qh7+ Rg7 40. Qh5+ Kg8 41. Bh6 Rg2 42. Bd2 Qd4 43. Bg5 Qa7 44. Bf6 Qc7 45. Qh8+ Kf7 46. Qh7+ Bg7 0-1

[Event "Lima Pre Continental (Women)"]
[Site "Lima"]
[Date "2015.12.20"]
[Round "6"]
[White "Chumpitaz Carbajal, Ann"]
[Black "Paredes Bustamante, Paula Elizabeth"]
[Result "1-0"]
[WhiteElo "2269"]
[BlackElo "2150"]
[PlyCount "61"]
[EventDate "2015.12.17"]
[EventType "swiss"]
[EventRounds "9"]
[EventCountry "PER"]
[SourceTitle "CBM 170 Extra"]
[Source "ChessBase"]
[SourceDate "2016.02.25"]
[SourceVersion "1"]
[SourceVersionDate "2016.02.25"]
[SourceQuality "1"]

1. d4 Nf6 2. c4 e6 3. Nc3 Bb4 4. Qc2 b6 5. Nf3 Bb7 6. e3 Ne4 7. Bd2 Bxc3 8. Bxc3 0-0 9. Bd3 f5 10. Bb4 d6 11. Ba3 Nd7 12. 0-0-0 c5 13. Kb1 Rc8 14. Qe2 Qc7 15. Rc1 a6 16. h4 Ndf6 17. Ng5 Qd7 18. Nh3 Qf7 19. Qe1 Nd7 20. f3 Nef6 21. Rg1 Rce8 22. Ka1 Re7 23. b3 h6 24. Bb2 Ne8 25. Qd2 e5 26. d5 Ndf6 27. Rcf1 e4 28. Bb1 Bc8 29. g4 exf3 30. g5 Ng4 31. Rxg4 1-0

[Event "Wch U20 Girls 33rd"]
[Site "Khanty-Mansiysk"]
[Date "2015.09.02"]
[Round "1"]
[White "Paredes Bustamante, Paula Elizabeth"]
[Black "Saduakassova, Dinara"]
[Result "1-0"]
[WhiteElo "2156"]
[BlackElo "2409"]
[PlyCount "70"]
[EventDate "2015.09.02"]
[EventType "swiss"]
[EventRounds "13"]
[EventCountry "RUS"]
[SourceTitle "EXT 2016"]
[Source "ChessBase"]
[SourceDate "2015.10.08"]
[SourceVersion "1"]
[SourceVersionDate "2015.10.08"]
[SourceQuality "1"]

1. e4 c5 2. Nf3 e6 3. d4 cxd4 4. Nxd4 Nf6 5. Bd3 Nc6 6. Nxc6 bxc6 7. Qe2 d5 8. exd5 cxd5 9. 0-0 Bd6 10. Bg5 Qc7 11. h3 h6 12. Bxf6 gxf6 13. Nc3 Be7 14. Nb5 Qb6 15. c4 a6 16. Nc3 d4 17. Ne4 Bb7 18. b4 f5 19. c5 Qc7 20. Nd2 Rg8 21. f3 Qg3 22. Kh1 Bg5 23. Qf2 Qf4 24. Nc4 Ke7 25. Qe1 Bh4 26. Qe5 Bg3 27. Qxf4 Bxf4 28. a4 Rg7 29. b5 Rag8 30. Ra2 Bd5 31. Rc2 axb5 32. axb5 Kf6 33. Nb6 Rd8 34. Nxd5+ exd5 35. b6 Rgg8 1-0

[Event "Pan American-ch U18 Girls"]
[Site "Oaxtepec"]
[Date "2014.07.15"]
[Round "8"]
[White "Fernandez Rivero, Karla July"]
[Black "Paredes Bustamante, Paula Elizabeth"]
[Result "1/2-1/2"]
[WhiteElo "2109"]
[BlackElo "2051"]
[PlyCount "58"]
[EventDate "2014.07.11"]
[EventType "swiss"]
[EventRounds "9"]
[EventCountry "MEX"]
[SourceTitle "EXT 2022"]
[Source "ChessBase"]
[SourceDate "2021.10.06"]
[SourceVersion "1"]
[SourceVersionDate "2021.10.06"]
[SourceQuality "1"]

1. d4 Nf6 2. c4 e6 3. Nf3 Bb4+ 4. Bd2 Qe7 5. Nc3 b6 6. g3 Bb7 7. Bg2 Bxc3 8. Bxc3 0-0 9. 0-0 d6 10. b3 Nbd7 11. Rc1 Ne4 12. Qd3 f5 13. Rfe1 Nxc3 14. Qxc3 Rae8 15. b4 Nf6 16. Nd2 Bxg2 17. Kxg2 Ne4 18. Nxe4 fxe4 19. Qe3 d5 20. a3 a5 21. bxa5 Ra8 22. cxd5 Rxa5 23. Qxe4 Rxd5 24. e3 Rdf5 25. f4 c5 26. dxc5 Rxc5 27. Rxc5 bxc5 28. Rb1 Qd6 29. Rb7 Qa6 1/2-1/2